The firts person

Sábháilte in:
Sonraí bibleagrafaíochta
Príomhchruthaitheoir: Turgeon, Pierre
Formáid: LEABHAR
Teanga:English
Foilsithe / Cruthaithe: Canadá Oberon 1982
Ábhair:
Clibeanna: Cuir clib leis
Níl clibeanna ann, Bí ar an gcéad duine le clib a chur leis an taifead seo!

MARC

LEADER 00000nam a2200000Ia 4500
008 170316s9999 xx 000 0 eng d
040 |a cru BVZT 
090 |a 818 T-7f 
100 |a Turgeon, Pierre 
245 4 |a The firts person 
260 |a Canadá 
260 |b Oberon 
260 |c 1982 
300 |a 79 páginas 
650 |a LITERATURA CANADIENSE 
999 |c 6665  |d 6665 
942 |c LIB  |h 818 T-7f  |2 z